SM-liigajoukkueiden kaikkien aikojen pistepörssi - Statistics

Yleistilastot
  • Tätä visaa on pelattu 234 kertaa
  • Keskiarvotulos 17 / 75
Vastaustilastot
Sijoitus Pelaaja % Oikein
1. Raimo Helminen
72%
1. Janne Ojanen
69%
2. Jorma Peltonen
63%
2. Sami Kapanen
56%
4. Timo Jutila
56%
1. Matti Hagman
50%
3. Veli-Pekka Ketola
45%
1. Arto Javanainen
44%
3. Kimmo Kuhta
44%
4. Eric Perrin
43%
2. Jarkko Immonen
43%
1. Mika Pyörälä
42%
2. Jari Viuhkola
41%
4. Risto Jalo
39%
2. Ville Koho
37%
3. Juha-Pekka Hytönen
33%
3. Kari Jalonen
33%
2. Timo Susi
33%
2. Pertti Lehtonen
31%
3. Erkki Lehtonen
30%
2. Ville Vahalahti
30%
1. Jani Tuppurainen
28%
1. Jesper Piitulainen
28%
1. Juha-Pekka Haataja
28%
3. Erik Riska
27%
3. Esa Keskinen
27%
5. Antti Virtanen
26%
3. Jan Latvala
26%
5. Kai Nurminen
24%
2. Kari Makkonen
24%
4. Mika Kortelainen
23%
5. Tapio Levo
22%
1. Tuomas Kiiskinen
22%
3. Jaakko Rissanen
21%
4. Jouni Rinne
21%
4. Jouni Rinne
21%
3. Lasse Oksanen
21%
1. Marko Tuulola
21%
3. Marko Palo
19%
4. Petri Skriko
19%
1. Reijo Leppänen
19%
4. Jari Korpisalo
17%
5. Alexander Barkov
15%
1. Erkki Laine
15%
5. Kai Suikkanen
15%
3. Ismo Villa
14%
3. Kim Strömberg
14%
2. Jari Torkki
13%
2. Vili Sopanen
13%
2. Anrei Hakulinen
12%
4. Jukka Vilander
12%
3. Vladimir Machulda
11%
2. Joel Kiviranta
10%
1. Olavi Vauhkonen
10%
5. Ville Viitaluoma
9%
4. Hannu Koskinen
8%
1. Heikki Mälkiä
8%
4. Markku Kiimalainen
8%
2. Miika Roine
7%
4. Teemu Henritius
7%
2. Teppo Kivelä
7%
3. Turo Asplund
7%
4. Janne Laakkonen
6%
5. Matti Forss
6%
4. Aleksi Ainali
4%
1. Jorma Vehmanen
4%
5. Darius Rusnak
3%
5. Jesse Paukku
3%
5. Juho Järvenpää
3%
5. Darren Boyko
2%
5. Petri Kokko
2%
5. Zach Budish
2%
5. Harri Toivanen
1%
5. Harri Niukkanen
0%
4. Risto Kerminen
0%
Ehtoja vastaavia visoja ei löytynyt
Tulosjakauma
Jokaisen tuloksen saaneiden osuus
Persentiili vastausten määrän mukaan
Tuloshistoriasi
Et ole pelannut tätä visaa